000 01302nam a22002657a 4500
005 20110805114022.0
008 110805t xxu||||| |||| 00| 0 mar d
010 _aMAR-21189
020 _a9788184980264
_c350.00
035 _aMR-13847
037 _bDBAD/PUB
040 _aDPL
_bMR
082 _a823
100 _aग्रिशम,जॉन
_931501
245 _aद रनअवे ज्यूरी /
_bजॉन ग्रिशम : अनिल काळे द्वारा अनुवादित
246 _aThe Runaway Jury
_bby John Grisham
260 _aपुणे
_bमेहता पब्लिशिंग हाऊस
_c2009
270 _a1941 सदाशिव पेठ,माडीवाले कॉलनी,
_bपुणे
_e411030
300 _aदहा,485पृ.
_c22सेमी(अजिल्द)
650 _aअंग्रेजी कादंबरी
_xमरठी भाषा में अनुवादित
_931642
650 _aEnglish Fiction
_xTranslation into Marathi
_931643
700 _aकाळे,अनिल
_931502
942 _2ddc
_cMR
_h823
_mग्रिशम
999 _c54982
_d54982